000 00491nam a22001697a 4500
005 20251108164926.0
008 250721s1970 xx 000 0 ara d
082 1 4 _a962.4/أحم
100 1 _aحمروش، أحمد
245 1 0 _aمصر و السودان :
_bكفاح مشترك /
264 1 _aالقاهرة :
_bدار الهلال،
_c1970.
300 _a251ص
650 1 7 _aتاريخ السودان
650 1 7 _aالتاريخ السياسي
942 _2ddc
_cBK
999 _c17584
_d17584